000 00475nam a22001697a 4500
003 OSt
005 20250320121434.0
008 250320b |||||||| |||| 00| 0 eng d
020 _a0828009805
040 _cKenya Military Academy
050 _aBV 4844
_b.T68 1995
245 _aA touch of joy :
_bDevotional thoughts of women by women /
_cRose Otis
260 _aUSA
_bReview and Herald
_c1995
300 _a95 p.;
_bill.
_c24cm
700 _aOtis,Rose
942 _2lcc
_cBK
_n0
999 _c20966
_d20966